| 000 | 00344nam a22001217a 4500 | ||
|---|---|---|---|
| 082 |
_a297.63 _bIDR |
||
| 100 |
_aIdrees, Mulana _951372 |
||
| 245 | _a سیره المصطفےصلى الله عليه وسلم | ||
| 260 |
_aMaktaba Usmania, _bLahore, _c1983. |
||
| 300 | _a471p. | ||
| 526 |
_a0 _b0 _c0 _d297_630000000000000_IDR |
||
| 942 |
_2ddc _cBK |
||
| 999 |
_c554074 _d554074 |
||